Pakistan's foreign policy : (Record no. 15392)

000 -LEADER
fixed length control field 00818cam a22002775a 4500
001 - CONTROL NUMBER
control field 16095589
005 - DATE AND TIME OF LATEST TRANSACTION
control field 20170105102917.0
008 - FIXED-LENGTH DATA ELEMENTS--GENERAL INFORMATION
fixed length control field 100218s2010 pk b 001 0 eng
010 ## - LIBRARY OF CONGRESS CONTROL NUMBER
LC control number 2010341195
020 ## - INTERNATIONAL STANDARD BOOK NUMBER
International Standard Book Number 9780195479126
025 ## - OVERSEAS ACQUISITION NUMBER
Overseas acquisition number P-E-2010341195; 28
040 ## - CATALOGING SOURCE
Original cataloging agency DLC
Transcribing agency DLC
042 ## - AUTHENTICATION CODE
Authentication code lcode
043 ## - GEOGRAPHIC AREA CODE
Geographic area code a-pk---
100 1# - MAIN ENTRY--PERSONAL NAME
Personal name Amin, Shahid M.
245 10 - TITLE STATEMENT
Title Pakistan's foreign policy :
Remainder of title a reappraisal /
Statement of responsibility, etc. Shahid M. Amin.
250 ## - EDITION STATEMENT
Edition statement 2nd ed.
260 ## - PUBLICATION, DISTRIBUTION, ETC.
Place of publication, distribution, etc. Karachi :
Name of publisher, distributor, etc. Oxford University Press,
Date of publication, distribution, etc. 2010.
300 ## - PHYSICAL DESCRIPTION
Extent 356 p. ;
Dimensions 21 cm.
490 0# - SERIES STATEMENT
Series statement Oxford Pakistan paperbacks
500 ## - GENERAL NOTE
General note Previously published: 2000.
504 ## - BIBLIOGRAPHY, ETC. NOTE
Bibliography, etc. note Includes bibliographical references and index.
906 ## - LOCAL DATA ELEMENT F, LDF (RLIN)
a 7
b ibc
c origode
d 3
e ncip
f 20
g y-gencatlg
942 ## - ADDED ENTRY ELEMENTS (KOHA)
Source of classification or shelving scheme
Koha item type Book
Holdings
Withdrawn status Lost status Damaged status Not for loan Collection code Permanent Location Current Location Shelving location Date acquired Total Checkouts Full call number Barcode Date last seen Date last checked out Price effective from Koha item type
          Centre for International Peace & Stability (CIPS) Centre for International Peace & Stability (CIPS) General Stacks 10/02/2013 1 327.5491 AMI 2010 CIPS0002452 12/27/2023 09/07/2023 11/29/2013 Book
© 2023 Central Library, National University of Sciences and Technology. All Rights Reserved.